[Event "Lleida-ch U18"]
[Site "Vilanova de Segria"]
[Date "2012.02.04"]
[Round "4"]
[White "Monfa Escola, Ramon"]
[Black "Fumas Fontova, Eudald"]
[Result "1-0"]
[WhiteElo "1821"]
[BlackElo "1680"]
[PlyCount "81"]
[EventDate "2012.01.14"]
[EventType "swiss"]
[EventRounds "6"]
[EventCountry "ESP"]
[SourceTitle "EXT 2015"]
[Source "ChessBase"]
[SourceDate "2014.11.20"]
[SourceVersion "1"]
[SourceVersionDate "2014.11.20"]
[SourceQuality "1"]

1. d3 e5 2. a3 d5 3. Nf3 Qe7 4. b4 g6 5. Bb2 Bg7 6. e3 Bg4 7. Nbd2 f5 8. Be2 Nd7 9. h3 Bh5 10. c4 c6 11. cxd5 cxd5 12. e4 Ngf6 13. exf5 Bxf3 14. Nxf3 gxf5 15. d4 e4 16. Ne5 0-0 17. 0-0 f4 18. Bg4 Rae8 19. Re1 Nxg4 20. Nxg4 Qh4 21. f3 e3 22. Re2 Nb6 23. a4 Nc4 24. Bc3 Nd6 25. Qb3 Rf5 26. Ne5 Bxe5 27. Qxd5+ Nf7 28. dxe5 Rg5 29. Kh1 Rd8 30. Qc4 Rg3 31. e6 Nd6 32. Qd4 Kf8 33. Be1 Nf5 34. Qc5+ Nd6 35. Bxg3 Qxg3 36. Rd1 Ke7 37. Qc7+ Ke8 38. Rxd6 Rxd6 39. Qxd6 Qg7 40. Rc2 Qa1+ 41. Kh2 1-0

[Event "Lleida-ch U18"]
[Site "Vilanova de Segria"]
[Date "2012.01.28"]
[Round "3"]
[White "Fumas Fontova, Eudald"]
[Black "Arno Bendicho, Xenia"]
[Result "1-0"]
[WhiteElo "1680"]
[BlackElo "1657"]
[PlyCount "33"]
[EventDate "2012.01.14"]
[EventType "swiss"]
[EventRounds "6"]
[EventCountry "ESP"]
[SourceTitle "EXT 2015"]
[Source "ChessBase"]
[SourceDate "2014.11.20"]
[SourceVersion "1"]
[SourceVersionDate "2014.11.20"]
[SourceQuality "1"]

1. e4 d5 2. exd5 Qxd5 3. Nc3 Qd8 4. Bc4 Nf6 5. d4 g6 6. Be3 Bg7 7. Nge2 0-0 8. Qd2 Re8 9. f3 Nc6 10. 0-0-0 e6 11. h4 Nd5 12. Bh6 Bh8 13. h5 Nxc3 14. bxc3 Na5 15. hxg6 hxg6 16. Bf8 Rxf8 17. Qh6 1-0

[Event "Lleida-ch U18"]
[Site "Vilanova de Segria"]
[Date "2012.01.21"]
[Round "2"]
[White "Orrit Sole, Gerard"]
[Black "Fumas Fontova, Eudald"]
[Result "1-0"]
[WhiteElo "1752"]
[BlackElo "1680"]
[PlyCount "59"]
[EventDate "2012.01.14"]
[EventType "swiss"]
[EventRounds "6"]
[EventCountry "ESP"]
[SourceTitle "EXT 2015"]
[Source "ChessBase"]
[SourceDate "2014.11.20"]
[SourceVersion "1"]
[SourceVersionDate "2014.11.20"]
[SourceQuality "1"]

1. Nf3 Nc6 2. g3 d6 3. Bg2 e5 4. d3 g6 5. e4 Bg7 6. 0-0 Bg4 7. h3 Be6 8. c3 Qc8 9. Kh2 Nge7 10. d4 exd4 11. cxd4 d5 12. e5 0-0 13. Nc3 f6 14. Bf4 g5 15. exf6 gxf4 16. fxg7 fxg3+ 17. fxg3 Kxg7 18. Qd2 Rf6 19. Ne5 Nxe5 20. Rxf6 Ng4+ 21. hxg4 Kxf6 22. Qh6+ Kf7 23. Rf1+ Kg8 24. Qg5+ Ng6 25. Nxd5 Qd8 26. Nf6+ Kg7 27. d5 h6 28. Nh5+ Kh7 29. Qxd8 Rxd8 30. dxe6 1-0

[Event "Lleida Province-chB"]
[Site "Lleida"]
[Date "2011.11.06"]
[Round "6"]
[White "Font Garcia, Xavier"]
[Black "Fumas Fontova, Eudald"]
[Result "0-1"]
[WhiteElo "1745"]
[BlackElo "1684"]
[PlyCount "122"]
[EventDate "2011.10.09"]
[EventType "swiss"]
[EventRounds "9"]
[EventCountry "ESP"]
[SourceTitle "EXT 2017"]
[Source "ChessBase"]
[SourceDate "2016.10.25"]
[SourceVersion "1"]
[SourceVersionDate "2016.10.25"]
[SourceQuality "1"]

1. Nf3 f5 2. d4 g6 3. Bf4 Bg7 4. Nbd2 c5 5. c3 cxd4 6. cxd4 d6 7. e3 Nf6 8. Bc4 Nc6 9. d5 Na5 10. Qa4+ Bd7 11. Bb5 b6 12. Nd4 Bxb5 13. Qxb5+ Qd7 14. Qxd7+ Kxd7 15. Ne6 Bf8 16. Nxf8+ Rhxf8 17. 0-0 Nxd5 18. Bh6 Rfc8 19. e4 Nb4 20. exf5 gxf5 21. Nf3 Rc2 22. a3 Nd3 23. b4 Nc6 24. b5 Nd8 25. Nd4 Rc5 26. Rad1 Nb2 27. Rb1 Nc4 28. a4 Nf7 29. Bc1 Rd5 30. Nc6 Rg8 31. Nxa7 Ra8 32. Rb4 Nce5 33. Nc6 Nxc6 34. bxc6+ Kxc6 35. Be3 Ra6 36. Rfb1 Rda5 37. Bxb6 Rxa4 38. Rc1+ Kd5 39. Rb5+ Ke6 40. Re1+ Ne5 41. Rbb1 Kf6 42. Red1 Nc4 43. Bd4+ e5 44. Bc3 Ke6 45. g3 d5 46. Re1 d4 47. Bxd4 Nd2 48. Rxe5+ Kd6 49. Rxf5 Nxb1 50. Be3 R4a5 51. Rf7 h5 52. h4 Na3 53. Rh7 Nc2 54. Bg5 Ra1+ 55. Kh2 Ke5 56. Rxh5 Ke4 57. Be7 Ne1 58. Rb5 Nf3+ 59. Kh3 Nd4 60. Rb4 Kf3 61. Kh2 R6a2 0-1

[Event "Balaguer op 16th "]
[Site "Balaguer"]
[Date "2011.07.23"]
[Round "7"]
[White "Turuguet Lopez, Josep Lluis"]
[Black "Fumas Fontova, Eudald"]
[Result "1-0"]
[WhiteElo "1928"]
[BlackElo "1637"]
[PlyCount "99"]
[EventDate "2011.07.17"]
[EventType "swiss"]
[EventRounds "9"]
[EventCountry "ESP"]
[SourceTitle "CBM 143 Extra"]
[Source "ChessBase"]
[SourceDate "2011.08.29"]
[SourceVersion "1"]
[SourceVersionDate "2011.08.29"]
[SourceQuality "1"]

1. Nf3 e6 2. d4 c5 3. g3 b6 4. Bg2 Bb7 5. 0-0 Nf6 6. Nc3 Be7 7. dxc5 bxc5 8. Re1 d5 9. e4 d4 10. Nb5 Bxe4 11. Rxe4 Nxe4 12. Ne5 f5 13. Bxe4 fxe4 14. Qh5+ g6 15. Nxg6 hxg6 16. Qxh8+ Kd7 17. Qe5 Nc6 18. Qxe4 Qb6 19. Na3 Rf8 20. Nc4 Qc7 21. Bf4 Qc8 22. Re1 Kd8 23. Qxg6 Rf6 24. Qg8+ Kd7 25. Qxc8+ Kxc8 26. Bg5 Rg6 27. Bxe7 Nxe7 28. Re5 Nd5 29. f4 Kc7 30. f5 Rg5 31. fxe6 Rxe5 32. Nxe5 Kd6 33. e7 Kxe7 34. Kf2 Nb4 35. Nd3 Nxa2 36. Nxc5 Nb4 37. c3 dxc3 38. bxc3 Nd5 39. Na4 Kd6 40. Kf3 Kc6 41. Ke4 Nf6+ 42. Kf5 Nd5 43. h4 Kb5 44. Ke5 Ne3 45. Nb2 a5 46. h5 a4 47. Nxa4 Kxa4 48. Kf6 Nd5+ 49. Kg7 Ne7 50. g4 1-0

[Event "Balaguer op 16th "]
[Site "Balaguer"]
[Date "2011.07.20"]
[Round "4"]
[White "Fumas Fontova, Eudald"]
[Black "Juan Bartroli, Pau"]
[Result "0-1"]
[WhiteElo "1637"]
[BlackElo "1860"]
[PlyCount "68"]
[EventDate "2011.07.17"]
[EventType "swiss"]
[EventRounds "9"]
[EventCountry "ESP"]
[SourceTitle "CBM 143 Extra"]
[Source "ChessBase"]
[SourceDate "2011.08.29"]
[SourceVersion "1"]
[SourceVersionDate "2011.08.29"]
[SourceQuality "1"]

1. e4 c5 2. Nf3 Nc6 3. Bb5 e6 4. Bxc6 bxc6 5. c3 d5 6. Qe2 Qb6 7. d3 Ba6 8. 0-0 Rb8 9. Ne1 Nf6 10. e5 Nd7 11. f4 c4+ 12. d4 c5 13. dxc5 Nxc5 14. Kh1 Na4 15. Be3 Bc5 16. Bxc5 Nxc5 17. Nd2 0-0 18. Rb1 Qa5 19. Qh5 f6 20. Rf3 Qc7 21. g4 g6 22. Qh4 fxe5 23. fxe5 Bb7 24. Rh3 d4+ 25. Nef3 dxc3 26. bxc3 Rbd8 27. Kg1 Nd3 28. Rf1 Nf4 29. Nd4 Nxh3+ 30. Qxh3 Rxf1+ 31. Qxf1 Qxe5 32. Nxc4 Qe4 33. Nd2 Qh1+ 34. Kf2 Rf8+ 0-1

[Event "Balaguer op 16th "]
[Site "Balaguer"]
[Date "2011.07.19"]
[Round "3"]
[White "Verdes Nadal, Ramon"]
[Black "Fumas Fontova, Eudald"]
[Result "1-0"]
[WhiteElo "1995"]
[BlackElo "1637"]
[PlyCount "65"]
[EventDate "2011.07.17"]
[EventType "swiss"]
[EventRounds "9"]
[EventCountry "ESP"]
[SourceTitle "CBM 143 Extra"]
[Source "ChessBase"]
[SourceDate "2011.08.29"]
[SourceVersion "1"]
[SourceVersionDate "2011.08.29"]
[SourceQuality "1"]

1. g3 e6 2. Bg2 c5 3. c4 Nf6 4. Nc3 a6 5. e3 Qc7 6. Nge2 Nc6 7. b3 b6 8. Bb2 Be7 9. Rc1 Bb7 10. 0-0 0-0 11. d4 d6 12. Qd2 Rad8 13. Rfd1 Rfe8 14. Nf4 Bf8 15. d5 Na7 16. dxe6 fxe6 17. e4 b5 18. Qe2 b4 19. Na4 Bc6 20. e5 Nd7 21. exd6 Bxd6 22. Nxe6 Nf8 23. Bxc6 Rxe6 24. Bd5 Rde8 25. Qg4 Kh8 26. Bxe6 Rxe6 27. Rd5 h6 28. Nxc5 Rg6 29. Qh5 Qf7 30. Ne4 Be7 31. Re1 Ne6 32. Qf5 Qe8 33. Nd6 1-0

[Event "Lleida-ch U16"]
[Site "Lleida"]
[Date "2011.??.??"]
[Round "2.3"]
[White "Fumas Fontova, Eudald"]
[Black "Voltes Miret, Andreu"]
[Result "1-0"]
[WhiteElo "1638"]
[BlackElo "1568"]
[PlyCount "91"]
[EventDate "2011.01.15"]
[EventType "tourn"]
[EventRounds "6"]
[EventCountry "ESP"]
[SourceTitle "EXT 2024"]
[Source "ChessBase"]
[SourceDate "2023.10.10"]
[SourceVersion "1"]
[SourceVersionDate "2023.10.10"]
[SourceQuality "1"]

1. e4 c5 2. Nf3 Nc6 3. d4 cxd4 4. Nxd4 d6 5. Bc4 g6 6. Nc3 Bg7 7. Be3 Nf6 8. Qd2 Ng4 9. Nxc6 bxc6 10. 0-0-0 Nxe3 11. Qxe3 Qc7 12. f4 Qb6 13. Qf3 Ba6 14. Bb3 Qc5 15. e5 d5 16. Rhe1 e6 17. g4 Bc4 18. f5 Bxb3 19. axb3 0-0-0 20. Na4 Qa5 21. Qf2 Bf8 22. fxe6 fxe6 23. Qf6 Re8 24. Kb1 Bc5 25. Nxc5 Qxc5 26. Re3 Rhf8 27. Rc3 Rxf6 28. Rxc5 Rf2 29. Rxc6+ Kb7 30. Rd6 Rxh2 31. Rf1 Re7 32. Rf6 h5 33. Rfxe6 Rxe6 34. Rxe6 hxg4 35. Rxg6 Rh1+ 36. Ka2 Rg1 37. Ka3 g3 38. Kb4 g2 39. Kb5 a6+ 40. Kc5 Kc7 41. Rg7+ Kd8 42. Kd6 Ke8 43. e6 Kf8 44. Rg3 d4 45. e7+ Kf7 46. Rf3+ 1-0

[Event "Lleida-ch U16"]
[Site "Lleida"]
[Date "2011.??.??"]
[Round "1.4"]
[White "Nieto Badia, Pau"]
[Black "Fumas Fontova, Eudald"]
[Result "0-1"]
[WhiteElo "1700"]
[BlackElo "1638"]
[PlyCount "24"]
[EventDate "2011.01.15"]
[EventType "tourn"]
[EventRounds "6"]
[EventCountry "ESP"]
[SourceTitle "EXT 2024"]
[Source "ChessBase"]
[SourceDate "2023.10.10"]
[SourceVersion "1"]
[SourceVersionDate "2023.10.10"]
[SourceQuality "1"]

1. e4 e6 2. d3 d5 3. f3 c5 4. Nc3 Nc6 5. Be3 d4 6. Bxd4 cxd4 7. Nce2 Qb6 8. b3 Bb4+ 9. c3 dxc3 10. g4 c2+ 11. Nc3 Qe3+ 12. Qe2 Bxc3# 0-1